[Event "Titled Tuesday intern op 11th Jan"]
[Site "Chess.com INT"]
[Date "2022.01.11"]
[Round "2"]
[White "Sarquis, Maria Belen"]
[Black "Danada, Tomas"]
[Result "1/2-1/2"]
[WhiteElo "2102"]
[BlackElo "2345"]
[PlyCount "125"]
[EventDate "2022.01.11"]
[EventType "swiss (blitz)"]
[EventRounds "11"]
[EventCountry "USA"]
[SourceTitle "CBM 206 Extra"]
[Source "ChessBase"]
[SourceDate "2022.03.31"]
[SourceVersion "1"]
[SourceVersionDate "2022.03.31"]
[SourceQuality "1"]

1. e4 c5 2. Nf3 Nc6 3. Bb5 e6 4. 0-0 Nge7 5. Re1 a6 6. Bf1 d5 7. exd5 Nxd5 8. d4 cxd4 9. Nxd4 Bd7 10. c4 Nf6 11. Nc3 Bc5 12. Be3 Nxd4 13. Bxd4 Bxd4 14. Qxd4 Bc6 15. Rad1 Qxd4 16. Rxd4 Rd8 17. Red1 Ke7 18. f3 Rxd4 19. Rxd4 Rd8 20. Rxd8 Kxd8 21. Kf2 Ke7 22. Ke3 Kd6 23. b4 e5 24. a4 b6 25. b5 axb5 26. axb5 Bb7 27. Na4 Nd7 28. Bd3 g6 29. h4 f5 30. h5 f4+ 31. Ke2 gxh5 32. Bxh7 h4 33. Bf5 Nf6 34. Kd3 Kc7 35. Kc3 Ne8 36. c5 bxc5 37. Nxc5 Bd5 38. Nd7 Kd6 39. b6 Bc6 40. Nf8 Bb7 41. Ng6 Kc5 42. Nxe5 Kxb6 43. Ng6 Nd6 44. Bd3 h3 45. gxh3 Bxf3 46. Nxf4 Ne4+ 47. Kd4 Ng3 48. Ke3 Bd1 49. Kf2 Nh5 50. Nxh5 Bxh5 51. Kg3 Kc5 52. Kf4 Kd6 53. Kg5 Bd1 54. Bf5 Ke7 55. h4 Kf8 56. Bg4 Bxg4 57. Kxg4 Kg7 58. Kg5 Kh8 59. h5 Kh7 60. h6 Kh8 61. Kg6 Kg8 62. h7+ Kh8 63. Kh6 1/2-1/2

[Event "Titled Tuesday intern op 04th Jan"]
[Site "Chess.com INT"]
[Date "2022.01.04"]
[Round "7"]
[White "Danada, Tomas"]
[Black "Kucuksari, Kaan"]
[Result "1/2-1/2"]
[WhiteElo "2345"]
[BlackElo "2362"]
[PlyCount "148"]
[EventDate "2022.01.04"]
[EventType "swiss (blitz)"]
[EventRounds "11"]
[EventCountry "USA"]
[SourceTitle "EXT 2023"]
[Source "ChessBase"]
[SourceDate "2022.10.05"]
[SourceVersion "1"]
[SourceVersionDate "2022.10.05"]
[SourceQuality "1"]

1. e4 c6 2. Nf3 d5 3. d3 e6 4. Nbd2 Nd7 5. g3 g6 6. Bg2 Bg7 7. 0-0 Ne7 8. c3 0-0 9. Re1 Nc5 10. Nb3 Nxb3 11. axb3 b6 12. h4 h5 13. e5 c5 14. Bg5 Bb7 15. Qd2 d4 16. c4 Qd7 17. Bf6 Nf5 18. Qf4 Bh6 19. Bg5 Bg7 20. Bh3 a5 21. Bxf5 exf5 22. e6 Qc6 23. exf7+ Rxf7 24. Kg2 Bf8 25. Re5 Bd6 26. Rae1 Bxe5 27. Rxe5 Re8 28. Kf1 Re6 29. Rxe6 Qxe6 30. Qb8+ Qc8 31. Qxc8+ Bxc8 32. Ne5 Ra7 33. Nxg6 Kf7 34. Ne5+ Ke6 35. Ng6 a4 36. Nf4+ Kd6 37. bxa4 Rxa4 38. Nd5 Ra2 39. Nxb6 Be6 40. b3 Rb2 41. Bh6 Rxb3 42. Bf8+ Kc6 43. Na4 Rxd3 44. Nxc5 Bxc4 45. Nxd3 Bxd3+ 46. Ke1 Kd5 47. Kd2 Be4 48. Ke2 Kc4 49. Bg7 Kc3 50. Bf6 Bd3+ 51. Kf3 Bc4 52. Kf4 Be6 53. Kg5 Kd3 54. Kxh5 Ke4 55. Kg6 f4 56. h5 d3 57. Bc3 Bf5+ 58. Kg5 fxg3 59. fxg3 Bh7 60. Kh6 Bf5 61. Kg5 Bh7 62. g4 Kf3 63. Bb4 Be4 64. Bd2 Ke2 65. Bb4 Kf3 66. Ba5 Bh7 67. Bd2 Be4 68. Kh4 Ke2 69. Bb4 d2 70. Bxd2 Kxd2 71. g5 Ke3 72. g6 Kf4 73. h6 Bxg6 74. h7 Bxh7 1/2-1/2

[Event "Titled Tuesday intern op 04th Jan"]
[Site "Chess.com INT"]
[Date "2022.01.04"]
[Round "4"]
[White "Goltsev, Dmitry"]
[Black "Danada, Tomas"]
[Result "0-1"]
[WhiteElo "2199"]
[BlackElo "2345"]
[PlyCount "122"]
[EventDate "2022.01.04"]
[EventType "swiss (blitz)"]
[EventRounds "11"]
[EventCountry "USA"]
[SourceTitle "EXT 2023"]
[Source "ChessBase"]
[SourceDate "2022.10.05"]
[SourceVersion "1"]
[SourceVersionDate "2022.10.05"]
[SourceQuality "1"]

1. e4 d5 2. exd5 Qxd5 3. Nf3 Nc6 4. d4 Bg4 5. Be2 0-0-0 6. c3 e5 7. dxe5 Qxd1+ 8. Bxd1 Nxe5 9. 0-0 Bxf3 10. gxf3 Nf6 11. Bf4 Nd3 12. Bg5 h6 13. Bh4 g5 14. Bg3 h5 15. h3 h4 16. Bh2 Nh5 17. Bb3 Rd7 18. Nd2 Nhf4 19. Ne4 Nxh3+ 20. Kg2 Ndf4+ 21. Kh1 Be7 22. Bxf7 Rf8 23. Bc4 Rfd8 24. b3 c6 25. a4 b6 26. b4 Kb7 27. b5 Rc7 28. a5 cxb5 29. Bxb5 bxa5 30. Rxa5 Kb6 31. Rfa1 Rd1+ 32. Rxd1 Kxa5 33. c4 Kb4 34. Rb1+ Ka3 35. Rd1 Kb3 36. Rd5 Nxd5 37. cxd5 Rc2 38. Bb8 Nxf2+ 39. Nxf2 Rxf2 40. d6 Bd8 41. Bxa7 Rxf3 42. Kh2 g4 43. Bd7 Rf4 44. Kg2 Kb4 45. Be3 Re4 46. Bf2 g3 47. Ba7 Re2+ 48. Kf3 Rd2 49. Bb8 g2 50. Ba7 Ka5 51. Bh3 Bb6 52. Bxb6+ Kxb6 53. Bxg2 Rxd6 54. Kg4 Rd4+ 55. Kh3 Kc5 56. Bf3 Kd6 57. Bg4 Ke5 58. Kxh4 Kf4 59. Kh5 Rd5+ 60. Kh4 Rd8 61. Bc8 Rh8# 0-1

[Event "Titled Tuesday intern op 04th Jan"]
[Site "Chess.com INT"]
[Date "2022.01.04"]
[Round "9"]
[White "Ibarra Jerez, Jose Carlos"]
[Black "Danada, Tomas"]
[Result "0-1"]
[WhiteElo "2570"]
[BlackElo "2345"]
[PlyCount "120"]
[EventDate "2022.01.04"]
[EventType "swiss (blitz)"]
[EventRounds "11"]
[EventCountry "USA"]
[SourceTitle "EXT 2023"]
[Source "ChessBase"]
[SourceDate "2022.10.05"]
[SourceVersion "1"]
[SourceVersionDate "2022.10.05"]
[SourceQuality "1"]

1. Nf3 a6 2. g3 b5 3. Bg2 Bb7 4. 0-0 g6 5. d3 Bg7 6. e4 d6 7. a4 Nd7 8. Nh4 e6 9. f4 Ne7 10. Nc3 b4 11. Ne2 Qb8 12. a5 f5 13. Nf3 Qa7+ 14. Kh1 fxe4 15. Ng5 exd3 16. Qxd3 Bxg2+ 17. Kxg2 Nc5 18. Qf3 Nf5 19. Be3 Nxe3+ 20. Qxe3 0-0 21. Rae1 Bxb2 22. Nd4 Rae8 23. Kh3 Qb7 24. Ndxe6 h6 25. f5 hxg5 26. Qxg5 Nxe6 27. fxe6 c5 28. Rf7 Rxf7 29. Qxg6+ Kf8 30. exf7 Qxf7 31. Qxd6+ Kg7 32. Rxe8 Qxe8 33. Qxc5 Qe6+ 34. g4 Bc3 35. Qa7+ Kg6 36. Qf2 Qe4 37. Qb6+ Kh7 38. Qa7+ Bg7 39. Qf2 Kg6 40. Qb6+ Kh7 41. Qf2 Qg6 42. Qe2 Qh6+ 43. Kg2 Qc6+ 44. Kg3 Qc3+ 45. Kg2 Qc6+ 46. Kh3 Qg6 47. Qc4 Qh6+ 48. Kg3 Qe3+ 49. Kg2 Qd2+ 50. Kh3 Qd6 51. Qe4+ Kg8 52. g5 Qd7+ 53. Kg3 Qd6+ 54. Kg2 Qd2+ 55. Kh3 Qxg5 56. Qa8+ Kh7 57. Qxa6 Qh5+ 58. Kg2 Qg4+ 59. Kf1 Qf3+ 60. Kg1 Bd4# 0-1

[Event "CZE-chT2E 2122"]
[Site "Czech Republic"]
[Date "2021.12.19"]
[Round "5.1"]
[White "Sosna, Jan"]
[Black "Danada, Tomas"]
[Result "0-1"]
[WhiteElo "2343"]
[BlackElo "2284"]
[PlyCount "68"]
[EventDate "2021.10.17"]
[EventType "team-tourn"]
[EventRounds "11"]
[EventCountry "CZE"]
[SourceTitle "EXT 2024"]
[Source "ChessBase"]
[SourceDate "2023.10.10"]
[SourceVersion "1"]
[SourceVersionDate "2023.10.10"]
[SourceQuality "1"]
[WhiteTeam "Zlin"]
[BlackTeam "Orechov Orel"]
[WhiteTeamCountry "CZE"]
[BlackTeamCountry "CZE"]

1. d4 Nf6 2. Nf3 e6 3. Bg5 d6 4. e3 h6 5. Bh4 g5 6. Bg3 Nh5 7. Bd3 Bg7 8. c3 Qe7 9. 0-0 Nd7 10. Nbd2 0-0 11. Re1 f5 12. Nf1 Ndf6 13. Qc2 b6 14. N3d2 Bb7 15. f3 Nxg3 16. hxg3 Qf7 17. e4 f4 18. gxf4 gxf4 19. e5 Nd7 20. exd6 cxd6 21. Nc4 Qe7 22. Re2 d5 23. Ncd2 Rac8 24. Qd1 e5 25. Bb5 e4 26. Bxd7 Qxd7 27. fxe4 dxe4 28. Nxe4 f3 29. gxf3 Rxf3 30. Nh2 Rf4 31. Qd3 Kh8 32. Rf1 Rg8 33. Ng3 Rxd4 34. cxd4 Bxd4+ 0-1

[Event "SVK Club Cup"]
[Site "Kremnica"]
[Date "2021.09.19"]
[Round "7.14"]
[White "Danada, Tomas"]
[Black "Karas, Marek"]
[Result "1/2-1/2"]
[WhiteElo "2258"]
[BlackElo "2260"]
[PlyCount "23"]
[EventDate "2021.09.15"]
[EventType "team-tourn"]
[EventRounds "7"]
[EventCountry "SVK"]
[SourceTitle "CBM 204 Extra"]
[Source "ChessBase"]
[SourceDate "2021.11.30"]
[SourceVersion "1"]
[SourceVersionDate "2021.11.30"]
[SourceQuality "1"]
[WhiteTeam "Modra II"]
[BlackTeam "Osuske"]
[WhiteTeamCountry "SVK"]
[BlackTeamCountry "SVK"]

1. e4 e5 2. Nf3 Nc6 3. Bb5 Nf6 4. Nc3 Nd4 5. Nxe5 Qe7 6. f4 Nxb5 7. Nxb5 d6 8. Nf3 Qxe4+ 9. Kf2 Ng4+ 10. Kg1 Kd8 11. d3 Qe8 12. a4 1/2-1/2

[Event "Skalica op"]
[Site "Skalica"]
[Date "2021.08.27"]
[Round "7"]
[White "Danada, Tomas"]
[Black "Bures, Vit"]
[Result "1-0"]
[WhiteElo "2280"]
[BlackElo "2144"]
[PlyCount "29"]
[EventDate "2021.08.21"]
[EventType "swiss"]
[EventRounds "9"]
[EventCountry "SVK"]
[SourceTitle "CBM 204 Extra"]
[Source "ChessBase"]
[SourceDate "2021.11.30"]
[SourceVersion "1"]
[SourceVersionDate "2021.11.30"]
[SourceQuality "1"]

1. c4 Nf6 2. Nc3 c5 3. Nf3 e6 4. g3 b6 5. Bg2 Bb7 6. 0-0 Be7 7. d4 cxd4 8. Qxd4 0-0 9. Rd1 d6 10. b3 Nbd7 11. Bb2 a6 12. Ne1 Bxg2 13. Nxg2 Qc7 14. Ne3 Rfd8 15. Ncd5 1-0

[Event "Skalica op"]
[Site "Skalica"]
[Date "2021.08.25"]
[Round "5"]
[White "Danada, Tomas"]
[Black "Jozefek, Michal"]
[Result "1-0"]
[WhiteElo "2280"]
[BlackElo "2226"]
[PlyCount "47"]
[EventDate "2021.08.21"]
[EventType "swiss"]
[EventRounds "9"]
[EventCountry "SVK"]
[SourceTitle "CBM 204 Extra"]
[Source "ChessBase"]
[SourceDate "2021.11.30"]
[SourceVersion "1"]
[SourceVersionDate "2021.11.30"]
[SourceQuality "1"]

1. Nf3 Nf6 2. c4 e6 3. g3 d5 4. Bg2 Be7 5. d4 0-0 6. Nc3 dxc4 7. Ne5 Nc6 8. Bxc6 bxc6 9. Nxc6 Qe8 10. Nxe7+ Qxe7 11. Qa4 c5 12. dxc5 Qxc5 13. Be3 Qh5 14. f3 Bd7 15. Qxc4 Rab8 16. Qc5 Qh3 17. Qa3 Rfc8 18. Rd1 Bc6 19. Rd4 Nd5 20. Kf2 Nxe3 21. Kxe3 Qg2 22. Rdd1 Bb5 23. Qd6 e5 24. Nxb5 1-0

[Event "Skalica op"]
[Site "Skalica"]
[Date "2021.08.22"]
[Round "2"]
[White "Danada, Tomas"]
[Black "Sperat Czar, Nicolas"]
[Result "1-0"]
[WhiteElo "2280"]
[BlackElo "1897"]
[PlyCount "109"]
[EventDate "2021.08.21"]
[EventType "swiss"]
[EventRounds "9"]
[EventCountry "SVK"]
[SourceTitle "CBM 204 Extra"]
[Source "ChessBase"]
[SourceDate "2021.11.30"]
[SourceVersion "1"]
[SourceVersionDate "2021.11.30"]
[SourceQuality "1"]

1. d4 Nf6 2. c4 e6 3. Nc3 Bb4 4. e3 0-0 5. Nge2 d5 6. a3 Be7 7. cxd5 exd5 8. Nf4 c6 9. Bd3 a5 10. Bd2 Re8 11. h3 Bd6 12. Qf3 Nbd7 13. g4 Qc7 14. Kf1 Nf8 15. g5 Ne4 16. Nxe4 dxe4 17. Bxe4 Ne6 18. Nxe6 Bxe6 19. Bd3 Rad8 20. e4 Bf8 21. Be3 g6 22. Rc1 Qd7 23. Kg2 Bg7 24. Rhd1 Qe7 25. Bb1 Bb3 26. Rd3 a4 27. Rxb3 axb3 28. e5 Qe6 29. Bd3 Qd5 30. Rc3 Qxf3+ 31. Kxf3 Re7 32. Ke4 f6 33. Bc4+ Kf8 34. gxf6 Bxf6 35. Bxb3 Kg7 36. f4 Bh4 37. Rc1 Ra8 38. Rg1 Rf8 39. Rg4 Be1 40. d5 cxd5+ 41. Bxd5 Rc7 42. Bd4 h5 43. e6+ Kh6 44. Rg2 Bh4 45. Be5 Rc1 46. Re2 b6 47. Bd4 Rf1 48. Be3 Be7 49. Bc4 Bc5 50. Bb5 Bxe3 51. Rxe3 R1xf4+ 52. Kd3 Rf2 53. e7 Rc8 54. Bd7 Rb8 55. b4 1-0

[Event "Piestany Slovakia op"]
[Site "Piestany"]
[Date "2021.07.17"]
[Round "8"]
[White "Skreno, Vladimir"]
[Black "Danada, Tomas"]
[Result "1-0"]
[WhiteElo "2092"]
[BlackElo "2308"]
[PlyCount "69"]
[EventDate "2021.07.10"]
[EventType "swiss"]
[EventRounds "9"]
[EventCountry "SVK"]
[SourceTitle "CBM 203 Extra"]
[Source "ChessBase"]
[SourceDate "2021.09.30"]
[SourceVersion "1"]
[SourceVersionDate "2021.09.30"]
[SourceQuality "1"]

1. Nf3 Nf6 2. g3 d5 3. Bg2 c5 4. c4 d4 5. d3 Nc6 6. 0-0 e5 7. e4 h6 8. Nh4 Be6 9. Bf3 Qd7 10. Bd2 Be7 11. a3 g5 12. Nf5 Bxf5 13. exf5 Qxf5 14. Qe2 a5 15. Re1 Kf8 16. b3 Bd6 17. Bc1 g4 18. Bg2 h5 19. Nd2 Kg7 20. Ne4 Nxe4 21. Bxe4 Qe6 22. Qd2 Qe7 23. f3 gxf3 24. Rf1 h4 25. Rxf3 hxg3 26. Rxg3+ Kf8 27. Qg2 Qh4 28. Bg5 Qh5 29. Bf6 Nd8 30. Bxh8 Qxh8 31. Rf1 Ne6 32. Bg6 Nf4 33. Qxb7 fxg6 34. Rxf4+ exf4 35. Qxa8+ 1-0

[Event "Piestany Slovakia op"]
[Site "Piestany"]
[Date "2021.07.16"]
[Round "7"]
[White "Danada, Tomas"]
[Black "Chlpik, Martin"]
[Result "1-0"]
[WhiteElo "2308"]
[BlackElo "2220"]
[PlyCount "65"]
[EventDate "2021.07.10"]
[EventType "swiss"]
[EventRounds "9"]
[EventCountry "SVK"]
[SourceTitle "CBM 203 Extra"]
[Source "ChessBase"]
[SourceDate "2021.09.30"]
[SourceVersion "1"]
[SourceVersionDate "2021.09.30"]
[SourceQuality "1"]

1. d4 Nf6 2. c4 c5 3. d5 e6 4. Nc3 exd5 5. cxd5 d6 6. e4 g6 7. f4 Bg7 8. Bb5+ Nfd7 9. Bd3 Qh4+ 10. g3 Qe7 11. Nf3 0-0 12. 0-0 Nf6 13. Kg2 c4 14. Bc2 Nbd7 15. Qd4 Nb6 16. e5 Ng4 17. Re1 Re8 18. h3 Nh6 19. g4 Nxg4 20. hxg4 Bxg4 21. Qf2 Qd7 22. Be3 Bxf3+ 23. Qxf3 dxe5 24. Bxb6 axb6 25. f5 b5 26. f6 Bh6 27. Rh1 Bf4 28. Rh3 h6 29. Rah1 Ra6 30. Rxh6 Bxh6 31. Rxh6 e4 32. Nxe4 Rxa2 33. Qf4 1-0